000 00446nam a2200193Ia 4500
005 20240823035813.0
008 240823s9999||||xx |||||||||||||| ||und||
020 _a81-219-0654-7
041 _aENGLISH
082 _A621.10102 Q3
100 _aKhurmi R S
245 0 _aSteam Tables
250 _a1st
260 _c2013
_b"S Chand,New Delhi"
500 _aTransfered
650 _aSteam Table
_bMechanical
942 _cBK
999 _c201564
_d201564